| 000 | 00668cam a2200205 4500 | ||
|---|---|---|---|
| 001 | WB3631-03 | ||
| 008 | 000000n2000 000 0 eng u | ||
| 035 | _a(Sirsi) u107718 | ||
| 245 | _aCowboy builders top complaint's league | ||
| 260 | _c2000 | ||
| 490 |
_aEvening Standard _v8 August 2000, 19(1) |
||
| 520 | _aThe Office of Fair Trading reports that cowbuy builders feature at the top of the customer complaints league table based on figures from trading standards officers. | ||
| 590 | _aWB | ||
| 650 | _aCOWBOY BUILDERS | ||
| 650 | _aOFT | ||
| 650 | _aCOMPLAINTS | ||
| 650 | _aTRADING STANDARDS OFFICERS | ||
| 690 | _aBUILT ENVIRONMENT | ||
| 942 | _n0 | ||
| 999 |
_c64343 _d64343 |
||